000 00917nam a22003137a 4500
001 0020947
003 KOHA_MİRAKIL
005 20260207002307.0
007 ta
008 100812b1997 tu |||gr||||#0|||0|tur |
040 _aTR-BiSEU
_btur
_cTR-BiSEU
_erda
041 0 _atur
044 _ctu
050 _aDR583
_b.S71 1997
100 1 _aSorgun, Taylan.
245 1 _aBitmeyen savaş :
_bİttihat ve Terakki'den Cumhuriyete/
_cTaylan Sorgun ; Taylan Sorgun.
264 1 _aİstanbul :
_bKamer Yayınları
_c1997
300 _a 381 sayfa ;
_c21 cm.
336 _ametin
_btxt
_2rdacontent
337 _aaracısız
_bn
_2rdamedia
338 _acilt
_bnc
_2rdacarrier
490 1 _aKamer Yayınları yayın ;
_vnu.
490 1 _a115
650 0 _aTürkiye--Tarih--Devrimler--1918-.
_945045
830 1 _aKamer Yayınları yayın ;
_vnu.
_945046
830 1 _a115
_99332
907 _aTarih
942 _2lcc
_cBK
999 _c20903
_d20903